000 00736nam a2200205Ia 4500
003 GCL
008 140319s9999 xx 000 0 ara d
020 _a5005603977
040 _aGCL /
_cGCL
082 0 4 _a001.6424
_bخ م
100 1 _aخالد يحيى زكريا
245 1 0 _aمعا فى عالم D3 STUDIO /
_cخالد يحيى زكريا
250 _aالثانية
260 _aالقاهرة :
_bخورازم للنشر والتوزيع والكمبيوتر ،
_c1996
300 _a171 ص:
_bايض ؛
_c24 سم
490 _aالهيئة العامة للاستعلامات
_v0
650 0 4 _aالحاسبات الالكترونية
650 0 4 _aالحاسبات الالكترونية - برامج
942 _2ddc
_cBK
999 _c48387
_d48387